Mayo de Los Capomos, Sinaloa (notice nᵒ 6065)
[ vue normale ]
| 000 -Sello discográfico | |
|---|---|
| campo de control de longitud fija | 00857nam a2200289 4500 |
| 005 - Identificación de versión | |
| campo de control | 20251022111431.0 |
| 010 ## - Número Estándar Internacional de Libros (ISBN) | |
| Número (ISBN) | 968-12-0430-1 |
| 099 ## - fechas locales | |
| Tipo de ítem Koha | LIBRO |
| 100 ## - Datos de procesamiento general | |
| Datos de procesamiento general | 20220209d1989 m y1spay5003 ba |
| 101 ## - Idioma del recurso | |
| Idioma del texto, banda sonora, etc. | Español; Castellano |
| 105 ## - Campo de datos codificados: Material textual, monográfico | |
| Datos codificados de monografía | a 001zy |
| 200 1# - Título y mención de responsabilidad | |
| Título propio | Mayo de Los Capomos, Sinaloa |
| Designación general del material | texto impreso |
| Primer mención de responsabilidad | Ray A. Freeze |
| 205 ## - Declaración de edición | |
| Declaración de edición | 1a ed |
| 210 ## - Publicación, distribución, etc. | |
| Lugar de publicación, distribución, etc. | México |
| Nombre del editor, distribuidor, etc. | El Colegio de México, Centro de Estudios Lingüísticos y Literarios |
| Fecha de publicación, distribución, etc. | 1989 |
| 215 ## - Descripción física | |
| Designación de material específico y extensión del ítem | 168 p |
| Otras características físicas | il. |
| Dimensiones | 25 cm |
| 345 ## - Nota de información de adquisición | |
| Fuente de adquisición/dirección de la suscripción [OBSOLETO] | Donación |
| 410 #1 - Series | |
| Título | Archivo de lenguas indígenas de México |
| Número de volumen | 14 |
| 606 ## - Término temático usado como materia | |
| Elemento de entrada | Indios de Sinaloa |
| Subdivisión temática | Lenguas |
| Número Koha | 11556 |
| 606 ## - Término temático usado como materia | |
| Elemento de entrada | Mayo (Idioma) |
| Número Koha | 11557 |
| 607 ## - Nombre geográfico utilizado como tema | |
| Elemento de entrada | Los Capomos (Sinaloa) |
| Subdivisión temática | Lenguas |
| Número Koha | 11558 |
| 660 ## - Código de área geográfica | |
| Código | MX |
| 700 ## - Nombre personal - Responsabilidad primaria | |
| Elemento de entrada | Freeze |
| Parte del nombre distinta del elemento de entrada | Ray A |
| Número Koha | 11559 |
| 801 #0 - Fuente de origen | |
| País | FR |
| Agencia | cm |
| Reglas de catalogación (convenciones descriptivas) | AFNOR |
| 942 ## - ELEMENTOS DE ENTRADA SECUNDARIOS (KOHA) | |
| Tipo de ítem Koha | Livre |
| Estatus retirado | Estado de daño | Estado de pérdida | Fecha de adquisición | Biblioteca de origen | Biblioteca actual | Ubicación en estantería | Código de barras | Precio de reemplazo | Signatura topográfica completa | No para préstamo | Tipo de ítem Koha | Nota pública | Nota no pública |
|---|---|---|---|---|---|---|---|---|---|---|---|---|---|
| 05/08/2025 | Casa México Paris | Casa México Paris | 006099 | 05/08/2025 | 497.6 A673 V.14 | Livre | 20220209LIV | 751145101 |